[Event "GLC Masters"]
[Site "London"]
[Date "1986.03.21"]
[Round "10"]
[White "Arkell, Keith C"]
[Black "Gallagher, Joseph G"]
[Result "1-0"]
[WhiteElo "2375"]
[BlackElo "2325"]
[PlyCount "81"]
[EventDate "1986.03.11"]
[EventType "tourn"]
[EventRounds "15"]
[EventCountry "ENG"]
[EventCategory "3"]
[SourceTitle "BritBase"]
[Source "John Saunders"]
[SourceDate "2020.09.07"]
[SourceVersion "1"]
[SourceVersionDate "2020.09.07"]
[SourceQuality "2"]

1. b4 e5 2. Bb2 Bxb4 3. Bxe5 Nf6 4. c4 O-O 5. Nf3 Re8 6. e3 d5 7. cxd5 Nxd5 8.
a3 Ba5 9. Bb2 Nc6 10. Be2 Qd6 11. O-O Bf5 12. Qb3 Rad8 13. Nc3 Bxc3 14. Bxc3
Nxc3 15. Qxc3 Be4 16. Rfc1 Qg6 17. d4 Rd7 18. Ne1 Bd5 19. Bf3 Ne7 20. Rab1 b6
21. Qc2 Qxc2 22. Rxc2 Bxf3 23. Nxf3 c5 24. dxc5 Rc7 25. Rbc1 Rec8 26. Kf1 f6
27. Ke2 Kf7 28. Nd4 Rxc5 29. Rxc5 bxc5 30. Nb5 Ke6 31. Nxa7 Ra8 32. Nb5 Ra5 33.
Rxc5 Ra4 34. Rc7 g6 35. Ra7 Rh4 36. Nd4+ Kd6 37. h3 Nd5 38. Kd3 f5 39. f4 Kc5
40. Ra6 h5 41. Nf3 1-0

[Event "GLC Masters"]
[Site "London"]
[Date "1986.03.21"]
[Round "10"]
[White "Carton, Patrick"]
[Black "Crawley, Gavin"]
[Result "0-1"]
[WhiteElo "2295"]
[BlackElo "2335"]
[PlyCount "52"]
[EventDate "1986.03.11"]
[EventType "tourn"]
[EventRounds "15"]
[EventCountry "ENG"]
[EventCategory "3"]
[SourceTitle "BritBase"]
[Source "John Saunders"]
[SourceDate "2020.09.07"]
[SourceVersion "1"]
[SourceVersionDate "2020.09.07"]
[SourceQuality "2"]

1. e4 e5 2. Nf3 Nc6 3. Bb5 a6 4. Ba4 Nf6 5. O-O Be7 6. Re1 b5 7. Bb3 O-O 8. d4
Nxd4 9. Bxf7+ Kxf7 10. Nxe5+ Kg8 11. Qxd4 Bb7 12. Nc3 c5 13. Qd1 Qc7 14. Ng4
Rae8 15. Nxf6+ Bxf6 16. Nd5 Qe5 17. c4 bxc4 18. Nb6 Bh4 19. g3 Qf6 20. f3 Qxb6
21. gxh4 Qg6+ 22. Kh1 Rxf3 23. Qxf3 Rxe4 24. Be3 Bc6 25. h5 Rg4 26. Rf1 Qf6 0-1

[Event "GLC Masters"]
[Site "London"]
[Date "1986.03.21"]
[Round "10"]
[White "Knott, Simon JB"]
[Black "Condie, Mark L"]
[Result "1-0"]
[WhiteElo "2320"]
[BlackElo "2425"]
[PlyCount "61"]
[EventDate "1986.03.11"]
[EventType "tourn"]
[EventRounds "15"]
[EventCountry "ENG"]
[EventCategory "3"]
[SourceTitle "BritBase"]
[Source "John Saunders"]
[SourceDate "2020.09.07"]
[SourceVersion "1"]
[SourceVersionDate "2020.09.07"]
[SourceQuality "2"]

1. c4 e6 2. Nc3 d5 3. d4 Nf6 4. cxd5 exd5 5. Bg5 Bb4 6. e3 h6 7. Bxf6 Qxf6 8.
Qb3 Bxc3+ 9. bxc3 c6 10. Nf3 O-O 11. c4 dxc4 12. Bxc4 Nd7 13. O-O Rb8 14. Rfe1
b5 15. Bf1 c5 16. e4 cxd4 17. e5 Qf4 18. Qb4 a6 19. Rad1 Nb6 20. Rxd4 Qf5 21.
Bd3 Qe6 22. Rd6 Qe7 23. Qe4 f5 24. Qd4 Na4 25. Nh4 Bb7 26. Nxf5 Qg5 27. Rg6
Rxf5 28. Rxg5 Rxg5 29. Be4 Bxe4 30. Qxe4 Nc3 31. Qc6 1-0

[Event "GLC Masters"]
[Site "London"]
[Date "1986.03.21"]
[Round "10"]
[White "Lalic, Susan Kathryn"]
[Black "Carlier, Bruno"]
[Result "0-1"]
[WhiteElo "2220"]
[BlackElo "2315"]
[PlyCount "124"]
[EventDate "1986.03.11"]
[EventType "tourn"]
[EventRounds "15"]
[EventCountry "ENG"]
[EventCategory "3"]
[SourceTitle "BritBase"]
[Source "John Saunders"]
[SourceDate "2020.09.07"]
[SourceVersion "1"]
[SourceVersionDate "2020.09.07"]
[SourceQuality "2"]

1. Nf3 Nf6 2. c4 e6 3. g3 c5 4. Bg2 Be7 5. O-O O-O 6. Nc3 d6 7. d4 cxd4 8. Nxd4
a6 9. b3 Nbd7 10. Bb2 Rb8 11. Qc2 Qc7 12. Rad1 Rd8 13. Rd2 Nf8 14. Rc1 Bd7 15.
Qd1 Qa5 16. a4 Be8 17. Ba3 Qb6 18. Nf3 Ng6 19. h3 h6 20. e4 Bf8 21. Qc2 Qc7 22.
Rcd1 b6 23. Qd3 Be7 24. Qe3 Rd7 25. Bf1 Bf8 26. Bg2 Rc8 27. Bf1 Ne5 28. Nxe5
dxe5 29. Bxf8 Kxf8 30. Na2 Qc5 31. Qxc5+ bxc5 32. Rxd7 Bxd7 33. Rd6 Bc6 34. f3
Ke7 35. Rd3 Rb8 36. Nc1 Nh5 37. Ne2 f5 38. Bg2 fxe4 39. fxe4 Nf6 40. Nc3 Kf7
41. Nb1 Bxe4 42. Bxe4 Nxe4 43. Re3 Nd6 44. Nd2 e4 45. Kf2 Kf6 46. g4 Ke5 47.
Nf3+ Kf4 48. Nh4 Kg5 49. Ng2 Kf6 50. Ke2 Ke5 51. Ne1 g5 52. Nf3+ Kf4 53. Nd2 a5
54. Nf1 Ke5 55. Nd2 Kd4 56. Rg3 Rf8 57. Nb1 Rf3 58. Rxf3 exf3+ 59. Kxf3 Kd3 60.
Na3 Ne4 61. Nb5 Nd2+ 62. Kf2 e5 0-1

[Event "GLC Masters"]
[Site "London"]
[Date "1986.03.21"]
[Round "10"]
[White "McDonald, Neil R"]
[Black "Levitt, Jonathan"]
[Result "1/2-1/2"]
[WhiteElo "2320"]
[BlackElo "2395"]
[PlyCount "87"]
[EventDate "1986.03.11"]
[EventType "tourn"]
[EventRounds "15"]
[EventCountry "ENG"]
[EventCategory "3"]
[SourceTitle "BritBase"]
[Source "John Saunders"]
[SourceDate "2020.09.07"]
[SourceVersion "1"]
[SourceVersionDate "2020.09.07"]
[SourceQuality "2"]

1. Nf3 Nf6 2. g3 d5 3. Bg2 Bf5 4. O-O e6 5. d3 h6 6. Nbd2 Be7 7. e3 O-O 8. Qe2
c5 9. e4 Bh7 10. b3 Nc6 11. Bb2 Qc7 12. Kh1 Rfd8 13. exd5 Nxd5 14. Nc4 Bf6 15.
Bxf6 Nxf6 16. a4 Nd5 17. Bh3 Ndb4 18. Rad1 a6 19. Rfe1 Kh8 20. Nce5 Nd4 21.
Nxd4 cxd4 22. a5 Nd5 23. Qh5 Bg8 24. Nc4 Nc3 25. Rd2 Rd5 26. Qf3 Rad8 27. Qf4
Qe7 28. Bg2 Rb5 29. Qg4 e5 30. f4 e4 31. dxe4 f5 32. Qh4 Qxh4 33. gxh4 Nxe4 34.
Rde2 Bxc4 35. bxc4 Rxa5 36. Bxe4 fxe4 37. Rxe4 Rc5 38. Re7 Rxc4 39. Rxb7 Rxc2
40. Rg1 d3 41. Rgxg7 Rc1+ 42. Kg2 Rg8 43. Rxg8+ Kxg8 44. Rd7 1/2-1/2

[Event "GLC Masters"]
[Site "London"]
[Date "1986.03.21"]
[Round "10"]
[White "Nicholson, John G"]
[Black "Le Blancq, Simon Charles"]
[Result "1/2-1/2"]
[WhiteElo "2320"]
[BlackElo "2410"]
[PlyCount "62"]
[EventDate "1986.03.11"]
[EventType "tourn"]
[EventRounds "15"]
[EventCountry "ENG"]
[EventCategory "3"]
[SourceTitle "BritBase"]
[Source "John Saunders"]
[SourceDate "2020.09.07"]
[SourceVersion "1"]
[SourceVersionDate "2020.09.07"]
[SourceQuality "2"]

1. e4 c5 2. Nf3 d6 3. d4 cxd4 4. Nxd4 Nf6 5. Nc3 g6 6. Bc4 Bg7 7. h3 O-O 8. O-O
Nc6 9. Be3 Na5 10. Bb3 a6 11. f4 Qc7 12. Nf3 e6 13. Qd3 b5 14. a4 Nxb3 15. cxb3
b4 16. Nd1 a5 17. Rc1 Ba6 18. Qxa6 Qxc1 19. Qxa8 Qxe3+ 20. Nxe3 Rxa8 21. e5
dxe5 22. fxe5 Nd7 23. Nc4 f6 24. Nd4 Ra6 25. exf6 Bxf6 26. Nb5 Be7 27. Rf3 Nc5
28. Kf1 Ra8 29. Ke2 Kg7 30. Kd1 h5 31. Kc2 Rc8 1/2-1/2

[Event "GLC Masters"]
[Site "London"]
[Date "1986.03.22"]
[Round "11"]
[White "Carlier, Bruno"]
[Black "Jacobs, Byron A"]
[Result "1/2-1/2"]
[WhiteElo "2315"]
[BlackElo "2295"]
[PlyCount "118"]
[EventDate "1986.03.11"]
[EventType "tourn"]
[EventRounds "15"]
[EventCountry "ENG"]
[EventCategory "3"]
[SourceTitle "BritBase"]
[Source "John Saunders"]
[SourceDate "2020.09.07"]
[SourceVersion "1"]
[SourceVersionDate "2020.09.07"]
[SourceQuality "2"]

1. e4 e5 2. Nf3 Nc6 3. Bb5 a6 4. Bxc6 dxc6 5. d4 exd4 6. Qxd4 Qxd4 7. Nxd4 Bd7
8. Be3 O-O-O 9. Nd2 Ne7 10. O-O-O c5 11. N4f3 Ng6 12. Ng5 Be8 13. f4 b6 14. h4
h6 15. Ngf3 f6 16. h5 Ne7 17. g4 Bf7 18. Nh4 Nc6 19. Ng6 Bxg6 20. hxg6 Bd6 21.
e5 fxe5 22. f5 Be7 23. Ne4 Rdf8 24. Rdf1 Kd7 25. c3 Nd8 26. Rd1+ Kc8 27. Rh5
Nc6 28. Kc2 Nb8 29. Ng3 Nd7 30. Ne4 Nf6 31. Nxf6 Bxf6 32. Bf2 Rd8 33. Re1 Rhe8
34. Re4 Bg5 35. Be3 Bxe3 36. Rxe3 Rd6 37. Re4 b5 38. Rh2 c4 39. Rhe2 Rd5 40.
Rd2 c6 41. Rde2 Kd7 42. R4e3 Kd6 43. Re1 a5 44. a3 Rb8 45. Re4 Rf8 46. R4e3 a4
47. R1e2 Rd8 48. Re4 Rd7 49. R4e3 Ke7 50. Rxe5+ Rxe5 51. Rxe5+ Kf6 52. Re4 Kg5
53. Kc1 Rd5 54. Re8 Rd7 55. Re1 Rd6 56. Rg1 Rd8 57. Kc2 h5 58. gxh5+ Kxh5 59.
Re1 Kg5 1/2-1/2

[Event "GLC Masters"]
[Site "London"]
[Date "1986.03.22"]
[Round "11"]
[White "Condie, Mark L"]
[Black "Lalic, Susan Kathryn"]
[Result "1/2-1/2"]
[WhiteElo "2425"]
[BlackElo "2220"]
[PlyCount "75"]
[EventDate "1986.03.11"]
[EventType "tourn"]
[EventRounds "15"]
[EventCountry "ENG"]
[EventCategory "3"]
[SourceTitle "BritBase"]
[Source "John Saunders"]
[SourceDate "2020.09.07"]
[SourceVersion "1"]
[SourceVersionDate "2020.09.07"]
[SourceQuality "2"]

1. d4 e6 2. Nf3 Nf6 3. c4 b6 4. Nc3 Bb4 5. Bg5 h6 6. Bh4 Bb7 7. e3 g5 8. Bg3
Ne4 9. Qc2 d6 10. Bd3 Bxc3+ 11. bxc3 Nxg3 12. fxg3 Nd7 13. O-O Qe7 14. Be4
O-O-O 15. Bxb7+ Kxb7 16. a4 a5 17. Nd2 h5 18. Qe4+ Ka7 19. Rab1 Rde8 20. c5
dxc5 21. Nc4 f5 22. Qc6 Nb8 23. Qb5 Qd7 24. dxc5 Qxb5 25. Rxb5 Na6 26. cxb6+
cxb6 27. Nxb6 Nc7 28. Rb2 Rb8 29. Rfb1 Rhd8 30. Nc4 Rxb2 31. Rxb2 Rd1+ 32. Kf2
Nd5 33. Nxa5 Nxc3 34. Nc6+ Ka6 35. a5 Ne4+ 36. Ke2 Nc3+ 37. Kf2 Ne4+ 38. Ke2
1/2-1/2

[Event "GLC Masters"]
[Site "London"]
[Date "1986.03.22"]
[Round "11"]
[White "Crawley, Gavin"]
[Black "Orr, Mark JL"]
[Result "0-1"]
[WhiteElo "2335"]
[BlackElo "2330"]
[PlyCount "84"]
[EventDate "1986.03.11"]
[EventType "tourn"]
[EventRounds "15"]
[EventCountry "ENG"]
[EventCategory "3"]
[SourceTitle "BritBase"]
[Source "John Saunders"]
[SourceDate "2020.09.07"]
[SourceVersion "1"]
[SourceVersionDate "2020.09.07"]
[SourceQuality "2"]

1. e4 c6 2. d4 d5 3. Nc3 dxe4 4. Nxe4 Nd7 5. Bg5 Ngf6 6. Nd2 e6 7. Ngf3 Be7 8.
Bd3 O-O 9. O-O c5 10. c3 b6 11. Qe2 Bb7 12. Rad1 Qc7 13. Ne5 Rad8 14. Rfe1 Nxe5
15. dxe5 Nd5 16. Qe4 g6 17. Nf3 Bxg5 18. Nxg5 h6 19. Nh3 Nxc3 20. Qf4 Nxd1 21.
Bc2 f5 22. Bxd1 g5 23. Qg3 Rd4 24. f4 Rfd8 25. Bh5 Rd3 26. Re3 Rxe3 27. Qxe3 g4
28. Nf2 Qd7 29. h3 Qd2 30. Qg3 Rd4 31. hxg4 Qc1+ 32. Kh2 Qxf4 33. gxf5+ Qxg3+
34. Kxg3 exf5 35. Nh3 Rd3+ 36. Kf2 Rd2+ 37. Ke3 Rxb2 38. e6 Bxg2 39. Nf4 Bc6
40. Bf7+ Kg7 41. Nh5+ Kf8 42. Kf4 Be8 0-1

[Event "GLC Masters"]
[Site "London"]
[Date "1986.03.22"]
[Round "11"]
[White "Gallagher, Joseph G"]
[Black "Carton, Patrick"]
[Result "1/2-1/2"]
[WhiteElo "2325"]
[BlackElo "2295"]
[PlyCount "117"]
[EventDate "1986.03.11"]
[EventType "tourn"]
[EventRounds "15"]
[EventCountry "ENG"]
[EventCategory "3"]
[SourceTitle "BritBase"]
[Source "John Saunders"]
[SourceDate "2020.09.07"]
[SourceVersion "1"]
[SourceVersionDate "2020.09.07"]
[SourceQuality "2"]

1. e4 e6 2. d4 d5 3. Nc3 Bb4 4. e5 c5 5. dxc5 Nc6 6. Nf3 Qc7 7. Bb5 Nge7 8. O-O
O-O 9. Na4 Nxe5 10. Nxe5 Qxe5 11. c3 Ba5 12. f4 Qf6 13. Be3 Nf5 14. Bd4 Nxd4
15. cxd4 a6 16. Be2 Bd7 17. Rc1 Bb5 18. Nc3 Bxe2 19. Nxe2 b6 20. c6 b5 21. Qd3
Bb6 22. Rc2 Rfc8 23. Rfc1 Rc7 24. Kh1 Qg6 25. Qb3 Qe4 26. Qb4 h6 27. h3 g5 28.
fxg5 hxg5 29. a4 Kg7 30. a5 Rh8 31. Qd2 Bxa5 32. Qxg5+ Kf8 33. Nf4 Ke8 34. Qf6
Rh7 35. Re2 Rxh3+ 36. Kg1 Re3 37. Ng6 Qxg6 38. Qh8+ Ke7 39. Rxe3 Bd2 40. Qh4+
f6 41. Rg3 Qh6 42. Qxh6 Bxh6 43. Rc2 Kd6 44. Kf2 Rxc6 45. Rxc6+ Kxc6 46. Rg8 a5
47. Rc8+ Kb7 48. Re8 a4 49. Rxe6 b4 50. Rd6 Bc1 51. Rxd5 b3 52. Ra5 Bxb2 53.
Rxa4 Bc3 54. Ra3 Bxd4+ 55. Kf3 b2 56. Rb3+ Kc6 57. Ke4 Kc5 58. Kf5 Kc4 59. Rxb2
1/2-1/2

[Event "GLC Masters"]
[Site "London"]
[Date "1986.03.22"]
[Round "11"]
[White "Le Blancq, Simon Charles"]
[Black "Knott, Simon JB"]
[Result "0-1"]
[WhiteElo "2410"]
[BlackElo "2320"]
[PlyCount "60"]
[EventDate "1986.03.11"]
[EventType "tourn"]
[EventRounds "15"]
[EventCountry "ENG"]
[EventCategory "3"]
[SourceTitle "BritBase"]
[Source "John Saunders"]
[SourceDate "2020.09.07"]
[SourceVersion "1"]
[SourceVersionDate "2020.09.07"]
[SourceQuality "2"]

1. e4 e6 2. d4 d5 3. Nd2 Nf6 4. e5 Nfd7 5. Bd3 c5 6. c3 Nc6 7. Ne2 cxd4 8. cxd4
Nb6 9. O-O Bd7 10. f4 g6 11. Nc3 h5 12. Kh1 Nb4 13. Bb1 a5 14. Nf3 a4 15. a3
Nc6 16. f5 gxf5 17. Bg5 Be7 18. Bxe7 Nxe7 19. Bd3 Bc6 20. Ng5 Ng6 21. Nxf7 Kxf7
22. Bxf5 exf5 23. Rxf5+ Kg7 24. Qf3 Rf8 25. Rf1 Rxf5 26. Qxf5 Qe7 27. Qxh5 Rf8
28. Re1 Nc4 29. h3 Qh4 30. Qe2 Rf2 0-1

[Event "GLC Masters"]
[Site "London"]
[Date "1986.03.22"]
[Round "11"]
[White "Levitt, Jonathan"]
[Black "Nicholson, John G"]
[Result "1/2-1/2"]
[WhiteElo "2395"]
[BlackElo "2320"]
[PlyCount "37"]
[EventDate "1986.03.11"]
[EventType "tourn"]
[EventRounds "15"]
[EventCountry "ENG"]
[EventCategory "3"]
[SourceTitle "BritBase"]
[Source "John Saunders"]
[SourceDate "2020.09.07"]
[SourceVersion "1"]
[SourceVersionDate "2020.09.07"]
[SourceQuality "2"]

1. d4 Nf6 2. c4 c5 3. d5 b5 4. cxb5 a6 5. e3 Bb7 6. Nc3 axb5 7. Bxb5 Qa5 8. Bd2
Qb6 9. Qb3 e6 10. Bc4 Qxb3 11. Bxb3 exd5 12. Nge2 Na6 13. O-O Nc7 14. Rfd1 Bd6
15. Be1 O-O 16. Rd2 Rfe8 17. Rad1 Re7 18. Rc2 Bc6 19. Rcc1 1/2-1/2

[Event "GLC Masters"]
[Site "London"]
[Date "1986.03.22"]
[Round "11"]
[White "Mannion, Stephen R"]
[Black "McDonald, Neil R"]
[Result "0-1"]
[WhiteElo "2260"]
[BlackElo "2320"]
[PlyCount "109"]
[EventDate "1986.03.11"]
[EventType "tourn"]
[EventRounds "15"]
[EventCountry "ENG"]
[EventCategory "3"]
[SourceTitle "BritBase"]
[Source "John Saunders"]
[SourceDate "2020.09.07"]
[SourceVersion "1"]
[SourceVersionDate "2020.09.07"]
[SourceQuality "2"]

1. d4 Nf6 2. Nf3 g6 3. Bf4 Bg7 4. e3 d6 5. h3 Nc6 6. Be2 O-O 7. O-O Nd7 8. c4
e5 9. Bg3 f5 10. Bh4 Qe8 11. Nc3 e4 12. Nd2 Nf6 13. Re1 h6 14. c5 dxc5 15. dxc5
Be6 16. Bc4 Kh7 17. Bg3 Rf7 18. Nb5 Bxc4 19. Nxc4 Rd8 20. Qa4 Nd5 21. Red1 a6
22. Nbd6 cxd6 23. Nxd6 Rxd6 24. cxd6 Nf6 25. b4 Qd7 26. b5 axb5 27. Qxb5 Nh5
28. Bh2 f4 29. exf4 Nxf4 30. Bxf4 Rxf4 31. Rab1 Rf7 32. Qd5 Qf5 33. Qxf5 gxf5
34. d7 Nd8 35. Rb4 Bf8 36. Rc4 b5 37. Rc8 Be7 38. a3 Rf8 39. Ra8 f4 40. Re1 e3
41. fxe3 fxe3 42. Kh1 Bc5 43. g4 Kg7 44. Rb8 Bd4 45. Rxb5 Rf2 46. Rd5 Rd2 47.
Kg1 Kf6 48. Rh5 Ke7 49. Rxh6 Kxd7 50. g5 Ne6 51. Rh4 Bc5 52. Kf1 Rf2+ 53. Kg1
Nxg5 54. Rd1+ Kc7 55. Rh7+ {time} 0-1

[Event "GLC Masters"]
[Site "London"]
[Date "1986.03.22"]
[Round "11"]
[White "Needham, Teresa"]
[Black "Arkell, Keith C"]
[Result "1-0"]
[WhiteElo "2120"]
[BlackElo "2375"]
[PlyCount "79"]
[EventDate "1986.03.11"]
[EventType "tourn"]
[EventRounds "15"]
[EventCountry "ENG"]
[EventCategory "3"]
[SourceTitle "BritBase"]
[Source "John Saunders"]
[SourceDate "2020.09.07"]
[SourceVersion "1"]
[SourceVersionDate "2020.09.07"]
[SourceQuality "2"]

1. e4 c6 2. d4 d5 3. exd5 cxd5 4. c4 Nf6 5. Nc3 g6 6. Qb3 Bg7 7. cxd5 O-O 8.
Be2 Nbd7 9. Bf3 Nb6 10. Nge2 a5 11. a4 Bf5 12. O-O Bd3 13. d6 Qxd6 14. Nb5 Bxb5
15. Qxb5 Nfd5 16. Bd2 Nc7 17. Qb3 Ne6 18. Bxb7 Ra7 19. Bf3 Nxd4 20. Nxd4 Bxd4
21. Rfd1 Qf6 22. Rac1 Rb8 23. Rc6 Nd7 24. Qc2 Qg7 25. b3 h5 26. Bf4 Ne5 27.
Bxe5 Qxe5 28. Qc4 Rd8 29. Rxg6+ Kf8 30. Rc6 Rad7 31. Qc1 Rd6 32. Rc2 Kg7 33.
Re1 Qf5 34. Rxe7 Be5 35. Rc5 Re6 36. Rxe6 fxe6 37. g3 Qxf3 38. Qg5+ Kf7 39.
Qxd8 Qd1+ 40. Qxd1 1-0

[Event "GLC Masters"]
[Site "London"]
[Date "1986.03.23"]
[Round "12"]
[White "Carlier, Bruno"]
[Black "Condie, Mark L"]
[Result "1/2-1/2"]
[WhiteElo "2315"]
[BlackElo "2425"]
[PlyCount "48"]
[EventDate "1986.03.11"]
[EventType "tourn"]
[EventRounds "15"]
[EventCountry "ENG"]
[EventCategory "3"]
[SourceTitle "BritBase"]
[Source "John Saunders"]
[SourceDate "2020.09.07"]
[SourceVersion "1"]
[SourceVersionDate "2020.09.07"]
[SourceQuality "2"]

1. e4 e5 2. Nf3 Nf6 3. d3 Nc6 4. c3 d6 5. g3 g6 6. Bg2 Bg7 7. O-O O-O 8. Nh4 d5
9. Na3 Be6 10. Re1 Qd7 11. Qc2 Rad8 12. Nf3 h6 13. b4 a6 14. Bb2 Rfe8 15. Rad1
dxe4 16. dxe4 Qe7 17. Bc1 Rxd1 18. Rxd1 Rd8 19. Rxd8+ Qxd8 20. Nd2 h5 21. Nb3
Nd7 22. Bf1 Kh7 23. Nc4 Qe7 24. Ne3 Bh6 1/2-1/2

[Event "GLC Masters"]
[Site "London"]
[Date "1986.03.23"]
[Round "12"]
[White "Knott, Simon JB"]
[Black "Levitt, Jonathan"]
[Result "1/2-1/2"]
[WhiteElo "2320"]
[BlackElo "2395"]
[PlyCount "35"]
[EventDate "1986.03.11"]
[EventType "tourn"]
[EventRounds "15"]
[EventCountry "ENG"]
[EventCategory "3"]
[SourceTitle "BritBase"]
[Source "John Saunders"]
[SourceDate "2020.09.07"]
[SourceVersion "1"]
[SourceVersionDate "2020.09.07"]
[SourceQuality "2"]

1. c4 Nf6 2. Nc3 e6 3. Nf3 d5 4. d4 Be7 5. Bg5 O-O 6. e3 Ne4 7. Bxe7 Qxe7 8.
Rc1 Nxc3 9. Rxc3 c6 10. Bd3 dxc4 11. Rxc4 Nd7 12. O-O h6 13. Kh1 Rd8 14. Bb1 g6
15. e4 e5 16. Qc1 Nb6 17. Rc2 Kg7 18. dxe5 1/2-1/2

[Event "GLC Masters"]
[Site "London"]
[Date "1986.03.23"]
[Round "12"]
[White "Lalic, Susan Kathryn"]
[Black "Le Blancq, Simon Charles"]
[Result "1/2-1/2"]
[WhiteElo "2220"]
[BlackElo "2410"]
[PlyCount "50"]
[EventDate "1986.03.11"]
[EventType "tourn"]
[EventRounds "15"]
[EventCountry "ENG"]
[EventCategory "3"]
[SourceTitle "BritBase"]
[Source "John Saunders"]
[SourceDate "2020.09.07"]
[SourceVersion "1"]
[SourceVersionDate "2020.09.07"]
[SourceQuality "2"]

1. b4 e5 2. Bb2 Bxb4 3. Bxe5 Nf6 4. c4 O-O 5. a3 Ba5 6. Nf3 d5 7. cxd5 Nbd7 8.
Bd4 Nxd5 9. Qb3 N7f6 10. e3 Be6 11. Qa4 c5 12. Bb2 Qb6 13. Qb5 Qxb5 14. Bxb5 a6
15. Be2 b5 16. O-O Ne4 17. Rc1 c4 18. Bd4 Rfc8 19. Nc3 Ndxc3 20. dxc3 Nc5 21.
Bxc5 Rxc5 22. Nd4 Bd5 23. Kf1 g6 24. g3 Rac8 25. Bf3 Bxf3 1/2-1/2

[Event "GLC Masters"]
[Site "London"]
[Date "1986.03.23"]
[Round "12"]
[White "Nicholson, John G"]
[Black "Mannion, Stephen R"]
[Result "1/2-1/2"]
[WhiteElo "2320"]
[BlackElo "2260"]
[PlyCount "81"]
[EventDate "1986.03.11"]
[EventType "tourn"]
[EventRounds "15"]
[EventCountry "ENG"]
[EventCategory "3"]
[SourceTitle "BritBase"]
[Source "John Saunders"]
[SourceDate "2020.09.07"]
[SourceVersion "1"]
[SourceVersionDate "2020.09.07"]
[SourceQuality "2"]

1. e4 e5 2. Nf3 Nc6 3. Bb5 a6 4. Ba4 Nf6 5. d4 exd4 6. O-O Be7 7. Re1 O-O 8. e5
Ne8 9. Bf4 f6 10. Bxc6 dxc6 11. Qxd4 Qxd4 12. Nxd4 f5 13. Nf3 g6 14. Nc3 Be6
15. Nd4 Ng7 16. Bh6 Rfd8 17. Rad1 c5 18. Nxe6 Nxe6 19. Nd5 Kf7 20. Kf1 Rd7 21.
Nf4 Rxd1 22. Rxd1 g5 23. Nxe6 Kxe6 24. Ke2 Rg8 25. h4 g4 26. Bf4 Rd8 27. Rxd8
Bxd8 28. Bg3 f4 29. Bxf4 Bxh4 30. Bh2 Kf5 31. e6 Kxe6 32. Bxc7 Kd5 33. f3 h5
34. fxg4 hxg4 35. Ke3 Bg5+ 36. Bf4 Bf6 37. b3 b5 38. Bc7 Bg5+ 39. Bf4 Bd8 40.
Bh6 Bc7 41. Bg7 1/2-1/2

[Event "GLC Masters"]
[Site "London"]
[Date "1986.03.23"]
[Round "12"]
[White "Orr, Mark JL"]
[Black "Gallagher, Joseph G"]
[Result "1-0"]
[WhiteElo "2330"]
[BlackElo "2325"]
[PlyCount "77"]
[EventDate "1986.03.11"]
[EventType "tourn"]
[EventRounds "15"]
[EventCountry "ENG"]
[EventCategory "3"]
[SourceTitle "BritBase"]
[Source "John Saunders"]
[SourceDate "2020.09.07"]
[SourceVersion "1"]
[SourceVersionDate "2020.09.07"]
[SourceQuality "2"]

1. Nf3 Nf6 2. c4 c5 3. d4 cxd4 4. Nxd4 e6 5. Nc3 a6 6. g3 Qc7 7. Bg2 d6 8. O-O
Nbd7 9. Bg5 Be7 10. Rc1 O-O 11. e4 Rd8 12. Qe2 Nf8 13. h3 Bd7 14. Be3 Rac8 15.
b3 Be8 16. f4 Qb8 17. a4 N8d7 18. Rfd1 Nc5 19. Qa2 Bc6 20. b4 Ncxe4 21. Nxc6
bxc6 22. Nxe4 Nxe4 23. Bxe4 d5 24. cxd5 cxd5 25. Bd3 Qxb4 26. Bxa6 Ra8 27. Bd3
Rxa4 28. Qb1 Qa3 29. Bxh7+ Kh8 30. Bd3 d4 31. Bf2 Raa8 32. Qb5 Ra5 33. Ra1 Qxa1
34. Rxa1 Rxa1+ 35. Kg2 Bf6 36. g4 g6 37. h4 Raa8 38. h5 gxh5 39. Qxh5+ {time}
1-0

[Event "GLC Masters"]
[Site "London"]
[Date "1986.03.24"]
[Round "13"]
[White "Arkell, Keith C"]
[Black "Carton, Patrick"]
[Result "1-0"]
[WhiteElo "2375"]
[BlackElo "2295"]
[PlyCount "95"]
[EventDate "1986.03.11"]
[EventType "tourn"]
[EventRounds "15"]
[EventCountry "ENG"]
[EventCategory "3"]
[SourceTitle "BritBase"]
[Source "John Saunders"]
[SourceDate "2020.09.07"]
[SourceVersion "1"]
[SourceVersionDate "2020.09.07"]
[SourceQuality "2"]

1. e4 e6 2. d4 d5 3. Nd2 Nf6 4. e5 Nfd7 5. Bd3 c5 6. c3 Nc6 7. Ne2 Qb6 8. Nf3
cxd4 9. cxd4 f6 10. exf6 Nxf6 11. O-O Bd6 12. Bf4 Bxf4 13. Nxf4 O-O 14. b3 Bd7
15. Re1 Rae8 16. Qd2 Kh8 17. Bc2 Qc7 18. g3 e5 19. dxe5 Nxe5 20. Nxe5 Rxe5 21.
Rxe5 Qxe5 22. Rd1 Re8 23. Bg6 Rc8 24. Bd3 Bc6 25. Re1 Qd4 26. Ne6 Qg4 27. Qf4
Re8 28. Qxg4 Nxg4 29. Re2 g6 30. f3 Nf6 31. Nd4 Rxe2 32. Nxe2 Nd7 33. Kf2 Ne5
34. Ke3 Kg7 35. h3 d4+ 36. Nxd4 Bd5 37. Be4 Bxe4 38. Kxe4 Kf6 39. Kd5 Nd3 40.
Kd6 Nf2 41. h4 a5 42. Kc7 Ke5 43. Ne2 Kd5 44. Kxb7 Kc5 45. a3 Nd3 46. Ka6 Ne5
47. f4 Nc6 48. g4 1-0

[Event "GLC Masters"]
[Site "London"]
[Date "1986.03.24"]
[Round "13"]
[White "Condie, Mark L"]
[Black "Jacobs, Byron A"]
[Result "0-1"]
[WhiteElo "2425"]
[BlackElo "2295"]
[PlyCount "64"]
[EventDate "1986.03.11"]
[EventType "tourn"]
[EventRounds "15"]
[EventCountry "ENG"]
[EventCategory "3"]
[SourceTitle "BritBase"]
[Source "John Saunders"]
[SourceDate "2020.09.07"]
[SourceVersion "1"]
[SourceVersionDate "2020.09.07"]
[SourceQuality "2"]

1. d4 c5 2. c3 cxd4 3. cxd4 Nf6 4. Nc3 e6 5. e4 Bb4 6. Bd3 b6 7. Qe2 Bb7 8. Bg5
h6 9. Bh4 Nc6 10. Nf3 g5 11. Bg3 g4 12. Ne5 Nxd4 13. Qe3 Nc6 14. O-O Nh5 15.
Nc4 Qg5 16. Nb5 Qxe3 17. Nxe3 Nxg3 18. hxg3 Ne5 19. Be2 Ke7 20. a3 Bc5 21. Nxg4
Nxg4 22. Bxg4 Bxe4 23. b4 Bd3 24. bxc5 Bxb5 25. Rfb1 Bd3 26. Rb3 Bc4 27. Rc3 b5
28. a4 a6 29. Bf3 Ra7 30. Bd1 Rc7 31. axb5 axb5 32. Bb3 Rxc5 0-1